MARC

LEADER 00000nam0a2200000 4500
001 357853
005 20231102011032.0
035 |a (RuTPU)RU\TPU\retro\15121 
090 |a 357853 
100 |a 20200811d1889 km y0rusy50 ca 
101 1 |a rus 
102 |a RU 
105 |a a z 000zy 
200 1 |a Месторождения золота  |e извлечение из книги Локка "Gold: its occurrence and extraction"  |f А. Г. Локк  |g под ред. К. А. Кулибина 
210 |a Санкт-Петербург  |c Типография и хромолитография А. Траншель  |d 1889 
215 |a II, 167 с.  |c ил. 
300 |a Текст в русской дореформенной орфографии 
300 |a Дозволено цензурой. С.-Петербург, 14-го января 1889 г. 
300 |a Раздельная пагинация страниц 
316 |5 63413507: 2//237  |a На обложке владельческая надпись: "Из книг Жбиковского" 
316 |5 63413507: 2//237  |a На обложке владельческая надпись: "От С. А. Жбиковского в дар" 
316 |5 63413507: 49//413  |a На обложке экслибрис библиотеки С. Н. Кулибина 
316 |5 63413507: 49//413  |a На форзаце экслибрис библиотеки ТТИ 
316 |5 63413507: 20//518  |a На форзаце неустановленный штамп  
317 |5 63413507: 2//237  |a Поступил в НТБ в 1910 г. в дар от сына А. К. Жбиковского преподавателя ТТИ С. А. Жбиковского 
317 |5 63413507: 49//413  |a Поступил в НТБ в 1900 г. в составе книжного собрания С. Н. Кулибина 
317 |5 63413507: 20//518  |a Поступил в НТБ в 1923-1924 гг. по распоряжению Наркомпроса 
606 1 |a Золото  |x Месторождения  |x Поиски и разведка  |2 stltpush  |3 (RuTPU)RU\TPU\subj\11859  |9 38745 
610 1 |a золоторудная минерализация 
610 1 |a золоторудные жилы 
610 1 |a залежи 
610 1 |a жильные месторождения 
610 1 |a россыпи 
610 1 |a геологический возраст 
610 1 |a золотоносные пески 
610 1 |a спутники 
610 1 |a Коллекция А. К. Жбиковского 
610 1 |a Библиотека Кулибиных 
610 1 |a владельческие надписи 
610 1 |a владельческие знаки 
610 1 |a дары 
610 1 |a дары библиотеке 
610 1 |a Коллекция Томского Алексеевского Реального Училища (ТАРУ) 
675 |a 553.411  |v 4 
700 1 |a Локк  |b А. Г.  |g Альфред Георг 
702 1 |a Кулибин  |b К. А.  |c горный инженер  |c внук изобретателя И. П. Кулибина  |f 1834-1914  |g Константин Александрович  |2 stltpush  |3 (RuTPU)RU\TPU\pers\39857  |4 340  |9 21131 
801 1 |a RU  |b 63413507  |c 20200811 
801 2 |a RU  |b 63413507  |c 20230301  |g RCR 
942 |c BK